[Event "V Open Alta Padovana B"]
[Site "Loreggia ITA"]
[Date "2005.02.27"]
[Round "5"]
[White "Tomio, Dante"]
[Black "Paris, Giorgio"]
[Result "1/2-1/2"]
[WhiteElo "1891"]
[BlackElo "1849"]
[PlyCount "69"]
[EventDate "2005.02.25"]

1. d4 Nf6 2. Nf3 g6 3. c4 Bg7 4. Nc3 d5 5. cxd5 Nxd5 6. e4 Nxc3 7. bxc3 c5 8.
Be2 Nc6 9. d5 Ne5 10. Bd2 O-O 11. O-O Nxf3+ 12. Bxf3 e6 13. Rb1 b6 14. Qc1 exd5
15. exd5 Bf5 16. Rb2 Re8 17. Rd1 Qf6 18. Be1 Rad8 19. Re2 c4 20. Rxe8+ Rxe8 21.
Qa3 a5 22. Bd2 Bd3 23. Qc1 Bf8 24. Re1 Rxe1+ 25. Qxe1 Qe7 26. Qxe7 Bxe7 27. Be3
Bd8 28. d6 Bf5 29. Bc6 Be6 30. Kf1 f5 31. Ke2 Kf7 32. f4 Bc8 33. Bd4 Ke6 34.
Be5 Ba6 35. Ke3 {...} 1/2-1/2

[Event "V Open Alta Padovana B"]
[Site "Loreggia ITA"]
[Date "2005.02.27"]
[Round "5"]
[White "Vedovato, Rudi"]
[Black "Bufalo, Fabrizio"]
[Result "1/2-1/2"]
[WhiteElo "1691"]
[BlackElo "1596"]
[PlyCount "58"]
[EventDate "2005.02.25"]

1. d4 d5 2. c4 dxc4 3. e4 Nf6 4. e5 Nd5 5. Bxc4 e6 6. Nf3 Be7 7. O-O O-O 8. Nc3
c6 9. a3 Nd7 10. Qc2 Qc7 11. Bd3 g6 12. Bh6 Re8 13. Qd2 Nxc3 14. bxc3 c5 15.
Ng5 Bxg5 16. Bxg5 b6 17. Qf4 f5 18. Qh4 c4 19. Bc2 Nf8 20. Rfe1 Qf7 21. Re3 a6
22. Rh3 Ra7 23. Bd1 Bb7 24. a4 Bd5 25. Bf3 Rea8 26. Bxd5 exd5 27. Re1 Ne6 28.
Bf6 b5 29. a5 Rb8 1/2-1/2

[Event "V Open Alta Padovana B"]
[Site "Loreggia ITA"]
[Date "2005.02.27"]
[Round "5"]
[White "Zanetto, Marco"]
[Black "Baldi, Giancarlo"]
[Result "0-1"]
[WhiteElo "1691"]
[BlackElo "1760"]
[PlyCount "138"]
[EventDate "2005.02.25"]

1. e4 e5 2. Nf3 Nc6 3. Bb5 a6 4. Ba4 Bc5 5. O-O Nf6 6. Nxe5 Nxe4 7. Qe2 Qh4 8.
Bxc6 dxc6 9. Nf3 Qe7 10. d4 Nf6 11. Re1 Qxe2 12. Rxe2+ Be7 13. Bg5 Be6 14. Nbd2
O-O 15. Ne4 Bd5 16. Nxf6+ Bxf6 17. Bxf6 Bxf3 18. gxf3 gxf6 19. Re7 Rac8 20.
Rae1 b5 21. c3 Rfd8 22. Kg2 a5 23. a3 Kf8 24. R7e4 Rd5 25. Rf4 Rg5+ 26. Kh3 Rg6
27. Rfe4 Rd8 28. Re7 Rd5 29. Re8+ Kg7 30. R1e4 Rf5 31. Kh4 Rxf3 32. Re2 Rg2 33.
R8e7 Rxh2+ 34. Kg4 Rfxf2 35. Rxf2 Rxf2 36. Rxc7 Rxb2 37. Rxc6 Rb3 38. d5 Rxa3
39. d6 Ra1 40. Rc5 Rd1 41. Rxb5 Rxd6 42. Rxa5 Rc6 43. Ra3 Kg6 44. Kf4 Rc4+ 45.
Ke3 h5 46. Kd3 Rg4 47. Ra2 h4 48. c4 h3 49. Rh2 Rh4 50. c5 Kf5 51. Ke3 Ke5 52.
Kf3 Kd5 53. Kg3 Rh8 54. Rd2+ Kxc5 55. Kh2 f5 56. Rd7 f6 57. Rd3 Rh5 58. Rd8 f4
59. Ra8 Kd4 60. Ra4+ Ke3 61. Ra3+ Kf2 62. Ra2+ Kf3 63. Ra3+ Kg4 64. Ra6 f5 65.
Kh1 f3 66. Kh2 f2 67. Ra3 f1=Q 68. Ra4+ Kg5 69. Rg4+ fxg4 0-1

[Event "C.to Provinciale RN"]
[Site "Rimini ITA"]
[Date "2005.01.29"]
[Round "4"]
[White "Abiuso Melo, Diego"]
[Black "Ferri, Massimiliano"]
[Result "0-1"]
[WhiteElo "2138"]
[BlackElo "2135"]
[PlyCount "74"]
[EventDate "2005.01.22"]

1. d4 e6 2. Nf3 d5 3. c4 Nf6 4. cxd5 exd5 5. Bg5 c6 6. Qc2 Qa5+ 7. Bd2 Bb4 8.
Nc3 O-O 9. a3 Re8 10. e3 Bf8 11. Bd3 Qd8 12. O-O g6 13. b4 Qe7 14. Ne5 Ne4 15.
Bxe4 dxe4 16. Qxe4 Bg7 17. Qf3 Bxe5 18. dxe5 Qxe5 19. Ne2 Qe4 20. Qf6 Nd7 21.
Qb2 Nb6 22. Ng3 Qe7 23. Rac1 h5 24. e4 h4 25. Bh6 Qe5 26. Qxe5 Rxe5 27. f4 Re8
28. Ne2 Rxe4 29. Nc3 Re8 30. Bg5 h3 31. Rcd1 Bf5 32. Rfe1 Nc4 33. Rxe8+ Rxe8
34. gxh3 Kg7 35. Kf2 Re3 36. Ne2 Rxh3 37. Kg2 Ne3+ 0-1

[Event "XVI Weekend B"]
[Site "Campodarsego ITA"]
[Date "2005.01.21"]
[Round "1"]
[White "Bonani, Georg"]
[Black "Marini, Lucio"]
[Result "1-0"]
[WhiteElo "1892"]
[BlackElo "1560"]
[PlyCount "97"]
[EventDate "2005.01.21"]

1. e4 e6 2. d4 d5 3. Nd2 Be7 4. c3 Nf6 5. e5 Nfd7 6. Bd3 c5 7. Ne2 Nc6 8. O-O
c4 9. Bc2 Nb6 10. f4 g6 11. Ng3 Kd7 12. b3 Na5 13. Qe2 Kc7 14. b4 Nc6 15. a4 a5
16. b5 Na7 17. Rf3 Bd7 18. Ngf1 h5 19. Ne3 Rc8 20. Nexc4 dxc4 21. Nxc4 Nxc4 22.
Qxc4+ Kb8 23. Qd3 Qc7 24. Bb3 Rhd8 25. Bd2 Qb6 26. Be3 Bxb5 27. axb5 Qxb5 28.
c4 Qb6 29. c5 Qb5 30. Bc4 Qd7 31. Qb3 Qc7 32. Rf2 Nc6 33. d5 exd5 34. Bxd5 Nb4
35. Bxf7 Bxc5 36. Bxg6 b6 37. Bf5 Bxe3 38. Qxe3 Qc5 39. Qxc5 Rxc5 40. Bg6 h4
41. e6 Nc6 42. Be4 Kc7 43. Bxc6 Kxc6 44. f5 Re5 45. Rc1+ Kb7 46. Kf1 Rf8 47.
Re1 Rfxf5 48. e7 Rxe1+ 49. Kxe1 1-0

[Event "XVI Weekend B"]
[Site "Campodarsego ITA"]
[Date "2005.01.21"]
[Round "1"]
[White "Castellano, Alfonso"]
[Black "De Nardi, Riccardo"]
[Result "0-1"]
[WhiteElo "1883"]
[BlackElo "1546"]
[PlyCount "87"]
[EventDate "2005.01.21"]

1. c4 Nf6 2. Nc3 g6 3. g3 Bg7 4. Bg2 O-O 5. e4 d6 6. Nge2 c5 7. O-O Nc6 8. d3
Bd7 9. h3 Qc7 10. Nd5 Nxd5 11. cxd5 Nd4 12. Be3 Nxe2+ 13. Qxe2 e6 14. Rac1 exd5
15. exd5 Qa5 16. b3 Rfe8 17. Qc2 Bb5 18. Rfd1 Ba6 19. Bf1 Rac8 20. Bf4 Be5 21.
Bh6 b5 22. Re1 Bb7 23. Bg2 Bg7 24. Bd2 b4 25. a4 Qb6 26. Re4 f5 27. Ree1 Re5
28. Bf4 Ree8 29. Kh2 Be5 30. Bxe5 Rxe5 31. f4 Ree8 32. Re6 Rxe6 33. dxe6 Bxg2
34. Qxg2 Qc6 35. Qe2 Qd5 36. d4 Re8 37. e7 Qe4 38. Qxe4 fxe4 39. dxc5 dxc5 40.
Kg2 Rxe7 41. Kf2 Rc7 42. Ke3 Kf7 43. Rc4 Ke6 44. Kxe4 0-1

[Event "XVI Weekend B"]
[Site "Campodarsego ITA"]
[Date "2005.01.21"]
[Round "1"]
[White "Dal Bo, Francesco"]
[Black "Giordan, Daniele"]
[Result "0-1"]
[WhiteElo "1470"]
[BlackElo "1732"]
[PlyCount "94"]
[EventDate "2005.01.21"]

1. e4 d6 2. d4 Nf6 3. Nc3 g6 4. Nf3 Bg7 5. Bc4 O-O 6. O-O Nc6 7. a3 Bg4 8. Be3
Nd7 9. Be2 h6 10. h3 Bxf3 11. Bxf3 e6 12. Qd2 Kh7 13. Ne2 Nb6 14. b3 a5 15. Ra2
a4 16. d5 Ne5 17. Bg4 h5 18. f4 Nxg4 19. hxg4 hxg4 20. Ng3 exd5 21. Kf2 c5 22.
exd5 f5 23. Qd3 Qc7 24. Qe2 Nxd5 25. Rh1+ Kg8 26. Qc4 Qf7 27. Ne2 Nxe3 28.
Qxf7+ Rxf7 29. Kxe3 axb3 30. cxb3 Re7+ 31. Kd3 Rae8 32. Nc1 Re3+ 33. Kd2 R8e4
34. Rf1 Rg3 35. Kd1 Bc3 36. Re2 Rxe2 37. Nxe2 Rd3+ 38. Kc2 Rd2+ 39. Kxc3 Rxe2
40. Rg1 Kf7 41. a4 Re4 42. g3 Ke7 43. a5 Kd7 44. Kd3 Kc6 45. Rc1 Kb5 46. Rc4
Rxc4 47. bxc4+ Kxa5 0-1

[Event "XVI Weekend B"]
[Site "Campodarsego ITA"]
[Date "2005.01.21"]
[Round "1"]
[White "Frascati, Francesco"]
[Black "Tomio, Dante"]
[Result "0-1"]
[WhiteElo "1550"]
[BlackElo "1891"]
[PlyCount "65"]
[EventDate "2005.01.21"]

1. e4 c5 2. Nf3 d6 3. d4 cxd4 4. Nxd4 Nf6 5. Nc3 g6 6. Bc4 Bg7 7. Be3 O-O 8.
Bb3 Ng4 9. O-O Nxe3 10. fxe3 Nc6 11. Nde2 Ne5 12. Nd5 e6 13. Ndf4 Ng4 14. Qc1
Qb6 15. Rf3 a5 16. a4 Bd7 17. h3 Ne5 18. Rg3 Rac8 19. Nd4 Nc4 20. c3 Bxd4 21.
exd4 Qxb3 22. Nh5 Kh8 23. Qh6 Rg8 24. Nf6 Rg7 25. Nxd7 Qxb2 26. Rf1 Qd2 27. Qh4
Ne3 28. Rb1 Qxc3 29. Qf4 Qc2 30. Rxb7 Qc1+ 31. Kf2 Qf1+ 32. Kxe3 Rc3+ 33. Kd2
0-1

[Event "XVI Weekend B"]
[Site "Campodarsego ITA"]
[Date "2005.01.21"]
[Round "1"]
[White "Grandesso, Emanuele"]
[Black "Cusella, Flaviano"]
[Result "1-0"]
[WhiteElo "1729"]
[BlackElo "1452"]
[PlyCount "75"]
[EventDate "2005.01.21"]

1. c4 Nf6 2. d4 g6 3. Nc3 Bg7 4. e3 d6 5. Nf3 O-O 6. Be2 c5 7. d5 Nbd7 8. e4
Ng4 9. Bd2 Nge5 10. Nxe5 Nxe5 11. O-O f5 12. Bf4 fxe4 13. Bxe5 Bxe5 14. Nxe4
Bxb2 15. Rb1 Be5 16. Bg4 b6 17. Ng5 Bxg4 18. Qxg4 Qe8 19. Rb3 Rf4 20. Qe6+ Kh8
21. Rh3 Qg8 22. Rxh7+ Qxh7 23. Nxh7 Rh4 24. g3 Rxh7 25. Qxg6 a5 26. Rb1 Rb8 27.
Qd3 Rh6 28. Qb3 Kg7 29. f4 Bd4+ 30. Kg2 Kf7 31. Qb5 Rbh8 32. Rh1 Rb8 33. Qd7
Rg6 34. h3 Be3 35. Re1 Bxf4 36. Qf5+ Rf6 37. Qh5+ Rg6 38. Rf1 1-0

[Event "XVI Weekend B"]
[Site "Campodarsego ITA"]
[Date "2005.01.21"]
[Round "1"]
[White "Menin, Massimo"]
[Black "Baldi, Giancarlo"]
[Result "0-1"]
[WhiteElo "1538"]
[BlackElo "1760"]
[PlyCount "116"]
[EventDate "2005.01.21"]

1. e4 e5 2. f4 d5 3. exd5 e4 4. d3 Nf6 5. dxe4 Nxe4 6. Qe2 Bf5 7. Nc3 Bb4 8.
Qb5+ Nc6 9. dxc6 O-O 10. Qxb4 Re8 11. Nge2 Qh4+ 12. g3 Nxg3 13. hxg3 Qxg3+ 14.
Kd1 Rad8+ 15. Bd2 Rxd2+ 16. Kxd2 Rd8+ 17. Qd4 Rxd4+ 18. Nxd4 Qxf4+ 19. Ke1 Qxd4
20. Rd1 Qe3+ 21. Ne2 Qe8 22. Bh3 Be4 23. Bd7 Qe7 24. cxb7 Bxb7 25. Rh3 g6 26.
Rc3 Ba6 27. Rcd3 Bxd3 28. Rxd3 Qb4+ 29. Nc3 Qxb2 30. Kd2 Qb4 31. Ba4 Qf4+ 32.
Re3 h5 33. Bb3 h4 34. Nd5 Qd6 35. Rd3 Kg7 36. Ne3 Qf4 37. Rd7 Qf2+ 38. Kd3 Qg3
39. Rxf7+ Kh6 40. Ke4 Qe1 41. Rxc7 h3 42. Kd3 Qg3 43. Rf7 Qd6+ 44. Bd5 Qa3+ 45.
Bb3 h2 46. Rf1 g5 47. Ng4+ Kh5 48. Nf6+ Kh4 49. Ne4 Qa6+ 50. Bc4 Qb6 51. Nf2
Qxf2 52. Rxf2 h1=Q 53. Rf8 Qd1+ 54. Ke3 Qe1+ 55. Be2 Qc3+ 56. Bd3 Qc5+ 57. Kd2
Qxf8 58. Bc4 g4 0-1

[Event "XVI Weekend B"]
[Site "Campodarsego ITA"]
[Date "2005.01.21"]
[Round "1"]
[White "Morello, Franco"]
[Black "Chiesa, Roberto"]
[Result "1/2-1/2"]
[WhiteElo "1448"]
[BlackElo "1709"]
[PlyCount "54"]
[EventDate "2005.01.21"]

1. e4 e6 2. d4 d5 3. Nd2 Nf6 4. e5 Nfd7 5. Ngf3 c5 6. dxc5 Bxc5 7. Nb3 Bb6 8.
Bf4 Nc6 9. Bb5 Qc7 10. O-O O-O 11. Bxc6 bxc6 12. Nbd4 Ba6 13. Re1 c5 14. Ne2
Qd8 15. c3 f6 16. exf6 Nxf6 17. Bg5 h6 18. Bh4 Bc7 19. Qc1 Qb8 20. Bg3 Ne4 21.
Bxc7 Qxc7 22. Ng3 Nxg3 23. hxg3 Rf6 24. Re3 Re8 25. Qd2 g5 26. Rae1 Qd6 27. Ne5
Kg7 1/2-1/2

[Event "XVI Weekend B"]
[Site "Campodarsego ITA"]
[Date "2005.01.21"]
[Round "1"]
[White "Omeri, Silvan"]
[Black "Demiraj, Rumi"]
[Result "1-0"]
[WhiteElo "1600"]
[BlackElo "1967"]
[PlyCount "77"]
[EventDate "2005.01.21"]

1. e4 Nf6 2. Nc3 d5 3. exd5 Nxd5 4. Nxd5 Qxd5 5. d4 Nc6 6. Be3 Bf5 7. c3 e5 8.
dxe5 Qxe5 9. Nf3 Qf6 10. Be2 Bd6 11. O-O O-O 12. g3 h6 13. Nh4 Bh3 14. Re1 Rad8
15. Qb3 g5 16. Qxb7 Bxg3 17. hxg3 gxh4 18. Qxc7 Rd6 19. Rad1 Re6 20. Qf4 Qxf4
21. gxf4 Rg6+ 22. Kh2 Bg4 23. Bxg4 Rxg4 24. Rd6 Rg6 25. Rg1 Ne7 26. Rdxg6+ fxg6
27. Bc5 Kf7 28. Re1 Re8 29. Rxe7+ Rxe7 30. Bxe7 Kxe7 31. Kh3 g5 32. fxg5 hxg5
33. f4 gxf4 34. Kxh4 Kd6 35. Kg4 Kd5 36. Kxf4 Kc4 37. Ke3 a5 38. Kd2 a4 39. Kc2
1-0

[Event "XVI Weekend B"]
[Site "Campodarsego ITA"]
[Date "2005.01.21"]
[Round "1"]
[White "Pomaro, Alberto"]
[Black "Bassetto, Silvano"]
[Result "1-0"]
[WhiteElo "1757"]
[BlackElo "1514"]
[PlyCount "63"]
[EventDate "2005.01.21"]

1. e4 e5 2. Nf3 d6 3. Bc4 h6 4. Nc3 Bg4 5. Nxe5 dxe5 6. Qxg4 Nf6 7. Qe2 Bd6 8.
d3 O-O 9. Be3 Nc6 10. g4 Nh7 11. O-O-O g5 12. h4 Kg7 13. Rh3 Rh8 14. Rdh1 Nd4
15. Qd2 f6 16. Ne2 Nxe2+ 17. Qxe2 Qe7 18. f3 Qe8 19. Qh2 Qg6 20. Be6 gxh4 21.
Bf5 Qf7 22. Bxh6+ Kg8 23. Bxh7+ Rxh7 24. Rxh4 Qxa2 25. Kd1 Qb1+ 26. Bc1 Rxh4
27. Qxh4 Kf7 28. Qh7+ Ke6 29. Qf5+ Ke7 30. Rh7+ Kf8 31. Qxf6+ Ke8 32. Qf7+ 1-0

[Event "XVI Weekend B"]
[Site "Campodarsego ITA"]
[Date "2005.01.21"]
[Round "1"]
[White "Quaranta, Gaetano"]
[Black "Caverzan, Leonardo"]
[Result "1-0"]
[WhiteElo "1751"]
[BlackElo "1482"]
[PlyCount "61"]
[EventDate "2005.01.21"]

1. e4 c5 2. d4 cxd4 3. c3 dxc3 4. Nxc3 Nc6 5. Nf3 d6 6. Bc4 Nf6 7. Qe2 Nd7 8.
O-O Nde5 9. Nxe5 Nxe5 10. Bb3 e6 11. Rd1 a6 12. Bf4 f6 13. Bxe5 fxe5 14. Rac1
Be7 15. Qg4 Bg5 16. Rc2 d5 17. exd5 exd5 18. Qg3 Bf6 19. Nxd5 Kf8 20. Rcd2 Be6
21. Nxf6 Qxf6 22. Bxe6 Qxe6 23. Rd8+ Kf7 24. R1d7+ Kf6 25. Qxg7+ Kf5 26. Qxh8
Rxd8 27. Qxd8 Qxa2 28. Qf8+ Kg6 29. Rg7+ Kh6 30. Qf6+ Kh5 31. Qg5# 1-0

[Event "XVI Weekend B"]
[Site "Campodarsego ITA"]
[Date "2005.01.21"]
[Round "1"]
[White "Scarangella, Luca"]
[Black "Favero, Graziano"]
[Result "0-1"]
[WhiteElo "1497"]
[BlackElo "1751"]
[PlyCount "110"]
[EventDate "2005.01.21"]

1. d4 Nf6 2. c4 g6 3. Nc3 Bg7 4. e3 d6 5. Nf3 O-O 6. Be2 Nc6 7. O-O Nd7 8. d5
Nce5 9. Rb1 c5 10. Ne4 Nxf3+ 11. Bxf3 Ne5 12. b3 Bf5 13. Bb2 a6 14. Bxe5 Bxe5
15. b4 cxb4 16. Rxb4 Qc7 17. a4 a5 18. Rb5 Qxc4 19. Nd2 Qc7 20. Bg4 Bd3 21. Be2
Bxb5 22. Bxb5 Rfc8 23. Qg4 Qc2 24. Nf3 Qb2 25. Qh3 Bf6 26. g3 Rc1 27. Rxc1
Qxc1+ 28. Qf1 Rc8 29. Qxc1 Rxc1+ 30. Kg2 Rc5 31. e4 Rxb5 32. axb5 a4 33. Nd2 a3
34. Nb3 a2 35. Kf3 a1=Q 36. Nxa1 Bxa1 37. Ke3 Kg7 38. Kd3 Kf6 39. h3 e6 40.
dxe6 fxe6 41. f3 d5 42. exd5 exd5 43. g4 Ke5 44. h4 Kf4 45. Ke2 h6 46. h5 g5
47. Kf2 Bd4+ 48. Kg2 b6 49. Kh3 Kxf3 50. Kh2 Bc5 51. Kh3 d4 52. Kh2 d3 53. Kh3
d2 54. Kh2 d1=Q 55. Kh3 Qh1# 0-1

[Event "XVI Weekend B"]
[Site "Campodarsego ITA"]
[Date "2005.01.22"]
[Round "2"]
[White "Baldi, Giancarlo"]
[Black "Sanavio, Giancarlo"]
[Result "0-1"]
[WhiteElo "1760"]
[BlackElo "1685"]
[PlyCount "44"]
[EventDate "2005.01.21"]

1. Nf3 d5 2. d4 c6 3. e3 Bg4 4. Bd3 Nd7 5. Nbd2 e5 6. dxe5 Nxe5 7. Be2 Ng6 8.
b3 Nf6 9. Bb2 Bd6 10. O-O O-O 11. c4 Bc7 12. Rc1 Re8 13. h3 Be6 14. Qc2 Qd7 15.
Bd3 Bxh3 16. gxh3 Qxh3 17. Bf5 Ng4 18. Bxg4 Qxg4+ 19. Kh1 Nh4 20. Nxh4 Qxh4+
21. Kg2 Qg4+ 22. Kh1 Re6 0-1

[Event "XVI Weekend B"]
[Site "Campodarsego ITA"]
[Date "2005.01.22"]
[Round "2"]
[White "Caverzan, Leonardo"]
[Black "Frascati, Francesco"]
[Result "0-1"]
[WhiteElo "1482"]
[BlackElo "1550"]
[PlyCount "102"]
[EventDate "2005.01.21"]

1. e4 e5 2. Nf3 d6 3. Nc3 Nf6 4. d3 Be7 5. Bg5 Nc6 6. Bxf6 Bxf6 7. Nd5 Bg4 8.
Be2 Bxf3 9. Bxf3 Nd4 10. c3 Nxf3+ 11. Qxf3 Be7 12. Nxe7 Qxe7 13. Qg4 O-O 14.
O-O Rad8 15. c4 c6 16. f4 Qc7 17. Qe2 Rfe8 18. Kh1 d5 19. cxd5 cxd5 20. f5 dxe4
21. dxe4 f6 22. Rad1 Qc6 23. Rxd8 Rxd8 24. Rd1 Rd4 25. Rxd4 exd4 26. Qe1 Qc2
27. h3 Qxb2 28. Qa5 Qc1+ 29. Kh2 Qf4+ 30. Kg1 Qxe4 31. Qd8+ Kf7 32. Qd7+ Qe7
33. Qd5+ Kf8 34. Qxd4 Qe1+ 35. Kh2 Qe5+ 36. Qxe5 fxe5 37. Kg3 Ke7 38. Kf3 Kf6
39. Ke4 b5 40. h4 h5 41. g3 a5 42. Kd5 Kxf5 43. Kc5 e4 44. Kxb5 e3 45. Kxa5 e2
46. a4 e1=Q+ 47. Kb5 Qxg3 48. a5 Qxh4 49. a6 Qd8 50. Kc6 Qa8+ 51. Kb6 h4 0-1

[Event "XVI Weekend B"]
[Site "Campodarsego ITA"]
[Date "2005.01.22"]
[Round "2"]
[White "Cusella, Flaviano"]
[Black "Menin, Massimo"]
[Result "0-1"]
[WhiteElo "1452"]
[BlackElo "1538"]
[PlyCount "91"]
[EventDate "2005.01.21"]

1. e4 c5 2. Nf3 d6 3. g3 Nf6 4. d3 e6 5. Bg2 Nc6 6. Nbd2 Be7 7. O-O O-O 8. c3
b5 9. Re1 Bb7 10. Nf1 a5 11. h4 b4 12. d4 Na7 13. e5 Nd7 14. Bh3 dxe5 15. Bg5
Bxf3 16. Bxe7 Qxe7 17. Qxf3 exd4 18. cxd4 cxd4 19. Qe4 Nf6 20. Qxd4 Rfd8 21.
Qf4 Rd6 22. g4 Rad8 23. h5 Nd5 24. Qg3 Qg5 25. Nh2 Qf4 26. Qf3 Qxf3 27. Nxf3
Nf4 28. Bg2 Nc6 29. Ne5 Nxg2 30. Nxc6 Rxc6 31. Kxg2 Rc2 32. b3 h6 33. Rec1 Rdd2
34. Rxc2 Rxc2 35. Kf3 g6 36. Ke3 f5 37. hxg6 fxg4 38. Kf4 Rxf2+ 39. Kxg4 Kg7
40. Kg3 Rb2 41. Re1 Rxa2 42. Rxe6 Rb2 43. Ra6 Rxb3+ 44. Kg4 Ra3 45. Kf5 Rf3+
46. Ke6 0-1

[Event "XVI Weekend B"]
[Site "Campodarsego ITA"]
[Date "2005.01.22"]
[Round "2"]
[White "De Nardi, Riccardo"]
[Black "Pomaro, Alberto"]
[Result "0-1"]
[WhiteElo "1546"]
[BlackElo "1757"]
[PlyCount "64"]
[EventDate "2005.01.21"]

1. e4 e6 2. d4 d5 3. e5 c5 4. c3 Nc6 5. Nf3 Qa5 6. Bd2 Qb6 7. Qb3 c4 8. Qxb6
axb6 9. Bg5 h6 10. Bh4 b5 11. Nbd2 Nge7 12. Be2 Nf5 13. O-O g5 14. Bg3 Be7 15.
Ne1 h5 16. h3 b4 17. Nc2 b5 18. Ne3 Ng7 19. f4 bxc3 20. bxc3 Ra3 21. Nb1 Nxd4
22. cxd4 Rxe3 23. Bf3 Ba3 24. Nxa3 Rxa3 25. fxg5 Nf5 26. Bf2 Ke7 27. Rfd1 Bd7
28. Rd2 b4 29. Rb1 Rb8 30. Bd1 c3 31. Re2 Bb5 32. Rc2 Bd3 0-1

[Event "XVI Weekend B"]
[Site "Campodarsego ITA"]
[Date "2005.01.22"]
[Round "2"]
[White "Demiraj, Rumi"]
[Black "Dal Bo, Francesco"]
[Result "1-0"]
[WhiteElo "1967"]
[BlackElo "1470"]
[PlyCount "69"]
[EventDate "2005.01.21"]

1. Nf3 e6 2. c4 Nf6 3. d4 c6 4. Nbd2 Be7 5. e4 O-O 6. Bd3 d6 7. O-O c5 8. d5
exd5 9. exd5 Na6 10. a3 Bg4 11. Qc2 Qd7 12. h3 Bh5 13. Nh2 Nc7 14. f4 b5 15. b3
bxc4 16. bxc4 Nfxd5 17. cxd5 f6 18. Bxh7+ Kh8 19. Bf5 Qe8 20. Qd3 Qb5 21. Nc4
Bf7 22. Be4 Rab8 23. Bd2 Qb7 24. Na5 Qb5 25. Qg3 g6 26. Bxg6 Bxg6 27. Qxg6 Rbe8
28. Qh5+ Kg8 29. Rf3 Rf7 30. Rg3+ Rg7 31. Rxg7+ Kxg7 32. Rf1 c4 33. Rf3 Qxd5
34. Rg3+ Kf8 35. Qh7 1-0

[Event "XVI Weekend B"]
[Site "Campodarsego ITA"]
[Date "2005.01.22"]
[Round "2"]
[White "Favero, Graziano"]
[Black "Palumbo, Giuseppe"]
[Result "0-1"]
[WhiteElo "1751"]
[BlackElo "1652"]
[PlyCount "133"]
[EventDate "2005.01.21"]

1. e4 c5 2. Nf3 d6 3. d4 cxd4 4. Nxd4 a6 5. Nc3 Nf6 6. Be2 e6 7. Be3 Be7 8. O-O
Bd7 9. f4 O-O 10. Qe1 Qc7 11. Qg3 Nc6 12. e5 Ne8 13. Nf3 f6 14. Bd3 dxe5 15.
Qh3 f5 16. Nxe5 Nxe5 17. fxe5 Qxe5 18. Bf4 Qf6 19. Rae1 Bc5+ 20. Be3 Bxe3+ 21.
Qxe3 Qg6 22. Bc4 Rf6 23. Rf3 Qh6 24. Qd4 Bc6 25. Rh3 Qg6 26. Rg3 Qf7 27. Rge3
Nc7 28. Qd6 Re8 29. Qf4 h6 30. h4 Kh7 31. h5 Re7 32. Qh4 g5 33. hxg6+ Rxg6 34.
Rg3 Rxg3 35. Qxg3 Qg7 36. Qxg7+ Kxg7 37. Re3 Kf6 38. a4 Rg7 39. Bf1 Nd5 40.
Nxd5+ Bxd5 41. c4 Bc6 42. b3 e5 43. Kf2 Be4 44. Rh3 Rg6 45. a5 Ke6 46. Rg3 Rxg3
47. Kxg3 Bc2 48. b4 Be4 49. Kf2 h5 50. Ke3 h4 51. Kf2 Kd6 52. g3 hxg3+ 53. Kxg3
Kc6 54. Kf2 b6 55. axb6 Kxb6 56. c5+ Kb7 57. Ke3 Bc6 58. Be2 Ka7 59. Bd3 f4+
60. Kf2 e4 61. Bc2 a5 62. bxa5 Ka6 63. Bb3 Kxa5 64. Bc4 Kb4 65. Be2 Kxc5 66.
Bg4 Kd4 67. Ke2 0-1

[Event "XVI Weekend B"]
[Site "Campodarsego ITA"]
[Date "2005.01.22"]
[Round "2"]
[White "Giordan, Daniele"]
[Black "Omeri, Silvan"]
[Result "0-1"]
[WhiteElo "1732"]
[BlackElo "1600"]
[PlyCount "54"]
[EventDate "2005.01.21"]

1. e4 c5 2. Nc3 e6 3. g3 Nc6 4. Bg2 a6 5. f4 Qc7 6. Nf3 b5 7. O-O Bb7 8. d3 Nd4
9. Be3 Nxf3+ 10. Qxf3 h5 11. h3 Nf6 12. Qf2 d5 13. exd5 exd5 14. Rfe1 O-O-O 15.
d4 c4 16. a3 Bd6 17. Ne2 Rhe8 18. Bd2 Ne4 19. Bxe4 dxe4 20. f5 e3 21. Bxe3 Qc6
22. Kh2 Rxe3 23. Nf4 Bxf4 24. gxf4 Rf3 25. Qd2 Rxf4 26. Re5 Rfxd4 27. Qf2 Qd6
0-1

[Event "XVI Weekend B"]
[Site "Campodarsego ITA"]
[Date "2005.01.22"]
[Round "2"]
[White "Mihalcea, Vasile"]
[Black "Bonani, Georg"]
[Result "0-1"]
[WhiteElo "1661"]
[BlackElo "1892"]
[PlyCount "115"]
[EventDate "2005.01.21"]

1. e4 e5 2. Bc4 Nf6 3. d3 Be7 4. Nf3 d6 5. h3 Nc6 6. a3 O-O 7. c3 Na5 8. Ba2 c5
9. b4 cxb4 10. axb4 Nc6 11. Nbd2 b5 12. Bb1 d5 13. exd5 Qxd5 14. Qc2 Rd8 15. c4
Qd7 16. O-O Qf5 17. Nh4 Qh5 18. Ndf3 Nd4 19. Qd1 e4 20. Nxd4 Qxd1 21. Rxd1 Rxd4
22. Be3 Rd8 23. Kh2 bxc4 24. Ba2 cxd3 25. f3 Bb7 26. Nf5 Bxb4 27. Rab1 a5 28.
f4 Bd5 29. Rb2 Bxa2 30. Rxa2 Nd5 31. Bd2 Bxd2 32. Rdxd2 Nxf4 33. Ra4 Re8 34.
Ne3 g6 35. g3 Ne2 36. Nd5 Re5 37. Nf6+ Kg7 38. Nxe4 f5 39. Nf2 Nc3 40. Rd4 Re2
41. R4xd3 Rxd2 42. Rxd2 a4 43. Nd1 Nxd1 44. Rxd1 a3 45. Ra1 a2 46. Kg2 Kf6 47.
Kf2 Ke5 48. Ke3 Ra3+ 49. Kf2 Kd4 50. Ke1 Kc3 51. Kf2 Kb2 52. Re1 a1=Q 53. Re2+
Kc3 54. Kf3 Qd1 55. Kf2 Kd3 56. Re3+ Kd4 57. Rxa3 Qc2+ 58. Kf3 {...} 0-1

[Event "XVI Weekend B"]
[Site "Campodarsego ITA"]
[Date "2005.01.22"]
[Round "2"]
[White "Pastrello, Michele"]
[Black "Morello, Franco"]
[Result "0-1"]
[WhiteElo "1413"]
[BlackElo "1448"]
[PlyCount "84"]
[EventDate "2005.01.21"]

1. e4 e5 2. Nf3 Nc6 3. Nc3 Nf6 4. Bc4 h6 5. h3 Bc5 6. Na4 Bd6 7. d3 a6 8. Nh4
b5 9. Nf5 bxc4 10. Nxd6+ cxd6 11. dxc4 Nxe4 12. Qf3 Ng5 13. Qg3 Qf6 14. Nc3 Nd4
15. Qd3 Qf5 16. Qxf5 Nxf5 17. h4 Ne6 18. g4 Nfd4 19. Kd1 Bb7 20. Rh3 Bf3+ 21.
Kd2 Bxg4 22. Rg3 Bf5 23. Nd1 Nxc2 24. Ne3 Nxe3 25. Rxe3 Nf4 26. b3 Ng2 27. Rf3
Nxh4 28. Rg3 O-O 29. Ba3 Rfe8 30. Bxd6 Re6 31. c5 Rc8 32. Rh1 Ng6 33. Rf3 Be4
34. Ke3 Bxf3 35. Kxf3 Rce8 36. c6 dxc6 37. Rd1 Rd8 38. Rc1 Rexd6 39. Ke4 Rd4+
40. Ke3 Rd3+ 41. Ke4 R8d4+ 42. Kf5 Rf4# 0-1

[Event "XVI Weekend B"]
[Site "Campodarsego ITA"]
[Date "2005.01.22"]
[Round "2"]
[White "Reato, Giovanni"]
[Black "Castellano, Alfonso"]
[Result "1/2-1/2"]
[WhiteElo "1685"]
[BlackElo "1883"]
[PlyCount "78"]
[EventDate "2005.01.21"]

1. e4 c5 2. Nf3 d6 3. Nc3 Nf6 4. Bc4 e6 5. O-O a6 6. a4 Nxe4 7. Nxe4 d5 8. Bxd5
exd5 9. Nc3 Be7 10. d4 c4 11. Ne5 O-O 12. f4 f6 13. Ng4 Nc6 14. f5 Bb4 15. Rf3
Ba5 16. Ne3 Ne7 17. Qe2 Bb6 18. Ncxd5 Nxf5 19. Nxb6 Nxd4 20. Qxc4+ Be6 21. Ned5
Nxf3+ 22. gxf3 Qxb6+ 23. Nxb6 Bxc4 24. Nxc4 Rac8 25. Ne3 Rfd8 26. Kf2 f5 27. c3
g6 28. Nc2 Rd1 29. Ne3 Rd3 30. a5 Re8 31. Ra4 Re5 32. Ke2 Rdd5 33. f4 Rxa5 34.
Rb4 Re7 35. Kd2 Rc5 36. Ke2 b5 37. Rd4 a5 38. b4 axb4 39. cxb4 Rcc7 1/2-1/2

[Event "XVI Weekend B"]
[Site "Campodarsego ITA"]
[Date "2005.01.22"]
[Round "2"]
[White "Tomio, Dante"]
[Black "Grandesso, Emanuele"]
[Result "1-0"]
[WhiteElo "1891"]
[BlackElo "1729"]
[PlyCount "49"]
[EventDate "2005.01.21"]

1. d4 Nf6 2. Nf3 g6 3. c4 Bg7 4. Nc3 O-O 5. e4 d6 6. Be2 e5 7. dxe5 dxe5 8.
Qxd8 Rxd8 9. Bg5 Re8 10. Nd5 Nxd5 11. cxd5 f6 12. Be3 f5 13. exf5 Bxf5 14. Ng5
h6 15. Ne6 Rc8 16. O-O Kh7 17. Nxg7 Kxg7 18. f4 e4 19. Bd4+ Kg8 20. g4 Bd7 21.
f5 Be8 22. fxg6 Bxg6 23. Rf6 Kh7 24. Raf1 a6 25. Re6 1-0

[Event "XVI Weekend B"]
[Site "Campodarsego ITA"]
[Date "2005.01.22"]
[Round "3"]
[White "Bonani, Georg"]
[Black "Sanavio, Giancarlo"]
[Result "1-0"]
[WhiteElo "1892"]
[BlackElo "1685"]
[PlyCount "51"]
[EventDate "2005.01.21"]

1. e4 d5 2. exd5 Nf6 3. d4 Nxd5 4. Nf3 Bg4 5. Be2 e6 6. O-O Be7 7. c3 c6 8.
Nbd2 Nf4 9. Re1 Nxe2+ 10. Qxe2 Nd7 11. Nc4 Qc7 12. Ne3 Bh5 13. Nf5 Bf6 14. Qe4
O-O-O 15. Ng3 Bg6 16. Qe2 h5 17. Ne4 Be7 18. Neg5 Kb8 19. Nh4 Bd6 20. Nxg6 Rh6
21. Ne5 Nxe5 22. dxe5 Bc5 23. Ne4 Qxe5 24. Bxh6 g6 25. Nxc5 Qxc5 26. Rad1 1-0